| 000 | 01027nam a2200241Ia 4500 | ||
|---|---|---|---|
| 999 |
_c37485 _d37485 |
||
| 001 | 3447 | ||
| 003 | GE_BSU | ||
| 005 | 20190618145905.0 | ||
| 008 | 181216s2003||||ge |||||||||||||| ||geo|| | ||
| 020 | _a9992804963 | ||
| 040 | _cGE_BSU | ||
| 041 | _ageo | ||
| 080 | _a632.9 | ||
| 100 |
_aხიდეშელი, ზ. _92543 |
||
| 245 |
_aმცენარეთა დაცვის თანამედროვე საშუალებები და მათი გამოყენება / _cზ. ხიდეშელი, კ. ხუციშვილი, რ. რევია ; ნ. შაყულაშვილის რედ. |
||
| 264 |
_aთბილისი , _c2003. |
||
| 300 |
_a111 გვ. : _b32ფ. ილ. ; _c20სმ. |
||
| 653 | _aმცენარეთა დაცვა | ||
| 653 | _aპესტიციდები | ||
| 700 |
_aხუციშვილი, კ. _eავტორი _92544 |
||
| 700 |
_aრევია, რ. _eავტორი _92545 |
||
| 942 |
_cBK _2udc |
||